000 00342nam a2200145Ia 4500
008 230718s9999 xx 000 0 und d
041 _aEng.
082 _a340
_bSAE-P
100 _aSaeed, Malik. M. (ed
245 0 _aP. L.D (1995)
260 _aPakistan
_bAll Palastan legal decision
_c1995
300 _a142
650 _aLaw
999 _c27080
_d27080